People issues tackled (Record no. 65621)
[ view plain ]
| 000 -LEADER | |
|---|---|
| fixed length control field | 01199cam a2200205 4500 |
| 001 - CONTROL NUMBER | |
| control field | WB3701-04 |
| 008 - FIXED-LENGTH DATA ELEMENTS--GENERAL INFORMATION | |
| fixed length control field | 000000n2000 000 0 eng u |
| 035 ## - SYSTEM CONTROL NUMBER | |
| System control number | (Sirsi) u110016 |
| 245 ## - TITLE STATEMENT | |
| Title | People issues tackled |
| 260 ## - PUBLICATION, DISTRIBUTION, ETC. | |
| Date of publication, distribution, etc. | 2000 |
| 490 ## - SERIES STATEMENT | |
| Series statement | Construction Monitor |
| Volume/sequential designation | December 2000, 3(1) |
| 520 ## - SUMMARY, ETC. | |
| Summary, etc. | In an attempt to tackle the issue of properly valuing the construction industry's workforce the construction minister and Movement for Innovation chairman have urged firms to volunteer to trial the new 'people issues' toolkits, which have been published alongside the M4I Respect for People working group report "A commitment to people: our biggest asset". The toolkits take the form of checklists and scoring systems for use as a benchmarking tool addressing six 'action themes'. The report can be downloaded from http://www.rethinkingconstruction.org, whilst anyone interested in taking part in the trial should contact Adrian Terry. Email: [email protected]. |
| 590 ## - LOCAL NOTE (RLIN) | |
| Local note | WB |
| 650 ## - SUBJECT ADDED ENTRY--TOPICAL TERM | |
| Topical term or geographic name entry element | MOVEMENT FOR INNOVATION |
| 650 ## - SUBJECT ADDED ENTRY--TOPICAL TERM | |
| Topical term or geographic name entry element | KEY PERFORMANCE INDICATORS |
| 650 ## - SUBJECT ADDED ENTRY--TOPICAL TERM | |
| Topical term or geographic name entry element | CONSTRUCTION WORKERS |
| 650 ## - SUBJECT ADDED ENTRY--TOPICAL TERM | |
| Topical term or geographic name entry element | EGAN REFORMS |
| 690 ## - LOCAL SUBJECT ADDED ENTRY--TOPICAL TERM (OCLC, RLIN) | |
| Topical term or geographic name as entry element | BUILT ENVIRONMENT |
| 942 ## - ADDED ENTRY ELEMENTS (KOHA) | |
| Suppress in OPAC | 0 |
| Withdrawn status | Lost status | Source of classification or shelving scheme | Damaged status | Not for loan | Home library | Current library | Shelving location | Date acquired | Total Checkouts | Full call number | Barcode | Date last seen | Copy number | Price effective from | Koha item type |
|---|---|---|---|---|---|---|---|---|---|---|---|---|---|---|---|
| Dewey Decimal Classification | London | London | News article | 20/12/2000 | WB3701-04 | 110016-1001 | 06/08/2019 | 1 | 06/08/2019 | News article |